00245nam a2200109Ia 4500008004100000041001200041082001100053100001500064245004400079260000600123650000600129221030s9999 xx 000 0 und d aEnglish a105.23 aEd Paulson 0aLearn Coreldraw in a Daycby Ed Paulson c0 aB